01404nam a2200337 a 4500001001000000003000500010005001700015008004100032010001100073011001100084040000900095090001000104100003800114245013200152260004100284500006000325502007700385590004000462590004000502590004000542650003900582650003400621650003300655856007000688901000700758942001000765942000600775999001900781952013100800952013500931000113866CHAP20220329144416.0171003s2017 mx sm |||||||spa d a110327 a111299 cCHAP aTesis1 aRico Aguilar, Juan Carlos913359410aEfecto del bocashi y vermicomposta en producción de lechugas (Lactuca sativa L.)h[En línea]cpor Juan Carlos Rico Aguilar. aChapingo, Méx. :bEl autor,c2017. aPara ver el contenido del material haga clic en la liga aTesis (Ing. Agr. Esp. en Fitotecnia) -- UACH. Departamento de Fitotecnia aE6339RRRb05c20171003lUCH01h0924 aE6339RRRb05c20171003lUCH01h0925 aE6339RRRb05c20171003lUCH01h092614aAbonosxEfecto en lechuga.913359314aLechugaxMejoramiento.96546714aLechugaxRendimiento.965476 aFinding aiduhttp://10.13.5.2/tesis/sist113866.pdfzTeclea aquí aBK cTESIS n0 c110327d110327 00104054718TESISaBCbBCd2017-10-03fTESISl0oTesisp113868-10r2019-12-31 00:00:00w2019-12-31yTESISzRecien adquirido 00102local4053708TESISaBCbBCcPA_TESISd2017-10-03fTESISl0oTesisp113868-20r2019-12-31 00:00:00tc.2w2019-12-31yTESIS